000 00923nam a2200253Ia 4500
003 OSt
005 20221005112238.0
006 a|||||r|||| 00| 0
007 ta
008 221004b |||||||| |||| 00| 0 pan d
020 _c500
024 _a5425
037 _b710, 26/06/2013, H.K. Prakashan
_cTextual
040 _aCRL
_cCRL
_bpan
041 _2pan
_apan
082 _aQ8441:21:g, 153P1
100 _aਰਾਜਿੰਦਰ ਸਿੰਘ
245 0 _aਸ੍ਰੀ ਗੁਰੂ ਗ੍ਰੰਥ ਸਾਹਿਬ ਵਿਚ ਜੀਵ ਜੰਤੂ ਅਤੇ ਪੌਦਿਆਂ ਦਾ ਚਿੰਤ੍ਰਣ
260 _aਅੰਮ੍ਰਿਤਸਰ
_bਰਵੀ ਸਾਹਿਤ ਭਾਰਤ
_c2011
300 _a375ਪੰ
_ccm.
650 _aਧਰਮ
942 _hQ8441:21:g, 153P1
_cTEXL
_2cc
999 _c1024309
_d1024309